| 000 | 00425nam a22001817a 4500 | ||
|---|---|---|---|
| 003 | OSt | ||
| 008 | 231027b |||||||| |||| 00| 0 eng d | ||
| 041 | _amal | ||
| 082 | _a894.812 | ||
| 100 |
_aKalki _95547 |
||
| 245 | _aPaarthipan Kanavu | ||
| 250 | _a2nd | ||
| 260 |
_aNew Delhi: _bSahithya Academy, _c1961. |
||
| 300 | _a310pages. | ||
| 650 |
_aTamil Novel _95548 |
||
| 700 |
_aLeela Omcheri, tr. _95549 |
||
| 942 | _cBK | ||
| 999 |
_c17763 _d17763 |
||